000 00431nam a2200157 i 4500
001 84856
003 ES-MaACL
005 20230906175126.0
007 t|
008 041124s1933 xxk ||||1| eng d
100 1 _aJepson, Edgar.
_966322
245 1 0 _aMemories of a Victorian /
_cby Edgar Jepson.
260 _aLondon :
_bVictor Gollancz,
_c1933 (
_fThe Carmelot Press)
300 _a288 p. ;
_c20 cm.
852 _aES-MaACL
_jC-7009
999 _c84856
_d84856